000 00601nam a2200169Ia 4500
008 090123s9999 xx 000 0 und d
082 _b33648
100 _aजायस्वाल जयनारायण
245 _aआपले दात आपले कान
250 _a3
260 _bगृह प्रकाशन
600 _aजायस्वाल जयनारायण
630 _aआपले दात आपले कान
700 _aजायस्वाल जयनारायण
730 _aआपले दात आपले कान
942 _cBOOK
999 _c71707
_d71707